Đợi chờ = The Russian House = La Maison Rusie

Đã lưu trong:
书目详细资料
主要作者: Carre, John le
格式: 图书
语言:Undetermined
出版: Hà Nội Văn hóa thông tin 2005
主题:
标签: 添加标签
没有标签, 成为第一个标记此记录!
Thư viện lưu trữ: Trung tâm Học liệu Trường Đại học Cần Thơ
LEADER 00614nam a2200217Ia 4500
001 CTU_100895
008 210402s9999 xx 000 0 und d
020 |c 44000 
082 |a 823.91 
082 |b C314 
100 |a Carre, John le 
245 0 |a Đợi chờ = 
245 4 |b The Russian House = La Maison Rusie 
245 0 |c John le Carre; Văn Hòa, Nhất Anh dịch 
260 |a Hà Nội 
260 |b Văn hóa thông tin 
260 |c 2005 
650 |a Detective and mystery stories 
650 |z English 
904 |i Truc 
980 |a Trung tâm Học liệu Trường Đại học Cần Thơ